Arcoiris al viento: (Registro nro. 20110)

Detalles MARC
000 -CABECERA
Campo de control 00706nam a22002057a 4500
005 - FECHA Y HORA DE LA ULTIMA TRANSACCION
Campo de control 20180313112108.0
008 - ELEMENTOS DE LONGITUD FIJA—INFORMACION GENERAL
Campo de control 180313b ck ||||| |||| 00| 0 spa d
040 ## - FUENTE DE CATALOGACIÓN
Agencia catalogadora original CO-BoIAVH
Agencia transcriptora CO-BoIAVH
041 ## - IDIOMA
Código de idioma para texto/pista de sonido o título separado Español
044 ## - PAÍS DE PUBLICACIÓN
País de publicación Colombia
090 ## - CLASIFICACIÓN LOCAL
Colección FG-
Consecutivo 0237
110 2# - ASIENTO PRINCIPAL--NOMBRE CORPORATIVO
Nombre corporativo o de jurisdicción como elemento de entrada Fundación Zoológica de Cali
9 (RLIN) 20381
245 10 - MENCION DE TITULO
Título Arcoiris al viento:
Parte restante del título mariposas de colombia, libro para colorear
260 ## - PUBLICACION, DISTRIBUCION, ETC. (PIE DE IMPRENTA)
Lugar de publicación, distribución, etc. Cali:
Nombre del editor, distribuidor, etc. CVC:
-- Fondo para la Acción Ambiental Colombia,
Fecha de publicación, distribución, etc. .
300 ## - DESCRIPCION FISICA
Extensión 24 páginas,
Otros detalles físicos folleto con ilustraciones a blanco y negro para colorear
590 ## - NOTA LOCAL
Nota local Faltan las hojas 11, 12, 13 y 14
650 #0 - ASIENTO SECUNDARIO DE MATERIA - TERMINO TEMATICO
Término temático o nombre geográfico como elemento de entrada Mariposas
Subdivisión general ciclo de vida
9 (RLIN) 90459
650 #0 - ASIENTO SECUNDARIO DE MATERIA - TERMINO TEMATICO
Término temático o nombre geográfico como elemento de entrada Mariposas
Subdivisión general familias
9 (RLIN) 90460
942 ## - ELEMENTOS ADICIONALES (KOHA)
Sistema de clasificación Local
Tipo de ítem Folleto
Existencias
Withdrawn status Lost status Sistema de Clasificación Damaged status No para préstamo Colección Ubicación Permanente Ubicación actual Fecha de adquisición Total Checkouts Número topográfico Inventario / Código de Barras Date last seen Ejemplar Price effective from Forma de adquisición Tipo de material
    Local     Hemeroteca Bogotá Bogotá 13/03/2018   FG-0237 043525 13/03/2018 Ej. 1 13/03/2018 Donación Folleto